• 首页
  • 本馆介绍
  • 公告通知
  • 最新文献
  • 馆藏检索
  • 电子资源
  • 读者导购
  • 参考咨询
  • 我的图书馆
  • 登录
  • 详细信息显示
  • 放入我的书架
  • 预约/预借图书
  • 作者相关作品
  • 分类相关作品
  • 丛书相关作品
  • 出版社相关作品

书目信息

  • 表格格式
  • 工作单格式
  • 卡片格式
题名:
哥白尼式的革命
    
 
作者: 王成兵 编
分册:  
出版信息: 上海   华东师范大学出版社  2017
页数: 504页
开本: 24cm
丛书名:
单 册:
中图分类: B712.51-53
科图分类:
主题词: 哲学思想--美国--现代--文集
电子资源:
ISBN: 978-7-5675-6883-9
000 01173nam0 2200253 450
001 6022
005 20180530105414.95
010    @a978-7-5675-6883-9@b精装@dCNY138.00
100    @a20180315d2017 em y0chiy50 ea
101 0  @achi
102    @aCN@b310000
105    @ay z 000yy
200 1  @a哥白尼式的革命@9ge bai ni shi de ge ming@e杜威哲学@f王成兵编
210    @a上海@c华东师范大学出版社@d2017
215    @a504页@d24cm
300    @a杜威选集/刘放桐,陈亚军主编
330    @a本书的内容选自中文版《杜威全集》,杜威将康德的以自我为中心代之以自我与所处环境相互作用为中心时,他赋予这种相互作用以极为广泛的含义。他认为除了主客、心物等的相互作用外,人的全部生命、生活、行动都包含着不同的两个方面,它们的意义就在这两个方面的相互作用之中。这种相互作用都具有实践意义。在西方哲学史上,由自我中心论到相互作用中心论的转向实际上就是由主体性形而上学到实践的转向。这可以称为哲学上的“哥白尼式的革命”。
517 1  @a杜威哲学@9du wei zhe xue
600  0 @a杜威@c(Dewey, John@f1859-1952)@x哲学思想@j文集
606 0  @a哲学思想@y美国@z现代@j文集
690    @aB712.51-53@v5
701  0 @a王成兵@9wang cheng bing@4编
801  0 @aCN@b91MARC@c20180315
905    @aMuseLib@dB712.51-53@e47
    
    哥白尼式的革命:杜威哲学/王成兵编.-上海:华东师范大学出版社,2017
    504页;24cm
    杜威选集/刘放桐,陈亚军主编
    
    ISBN 978-7-5675-6883-9(精装):CNY138.00
    本书的内容选自中文版《杜威全集》,杜威将康德的以自我为中心代之以自我与所处环境相互作用为中心时,他赋予这种相互作用以极为广泛的含义。他认为除了主客、心物等的相互作用外,人的全部生命、生活、行动都包含着不同的两个方面,它们的意义就在这两个方面的相互作用之中。这种相互作用都具有实践意义。在西方哲学史上,由自我中心论到相互作用中心论的转向实际上就是由主体性形而上学到实践的转向。这可以称为哲学上的“哥白尼式的革命”。
●
相关链接 在E读中查询图书 在五车中查询图书 在当当中查询图书 在豆瓣中查询图书


正题名:哥白尼式的革命     索取号:B712.51-53/47         预约/预借

序号 登录号 条形码 馆藏地/架位号 状态 备注
1 1115757   211157576   第一样本阅览室/ [索取号:B712.51-53/47] 在馆    
2 1115758   211157585   教育系资料室/ [索取号:B712.51-53/47] 在馆    
唐山师范学院图书馆 欢迎您!
大连网信软件有限公司© 版权所有